Правила устройства электроустановок

Podrobná bibliografie
Korporativní autor: Министерство энергетики Российской Федерации
Shrnutí:Утверждены приказом Минэнерго России от 20 мая 2003 г. № 187
Правила введены в действие с 1 октября 2003 г.
Jazyk:ruština
Vydáno: Москва, Изд-во НЦ ЭНАС, 2003
Vydání:7-е изд.
Témata:
Médium: MixedMaterials Kniha
KOHA link:https://koha.lib.tpu.ru/cgi-bin/koha/opac-detail.pl?biblionumber=62288

MARC

LEADER 00000nam0a2200000 4500
001 62288
005 20231031063331.0
010 |a 593196214X 
035 |a (RuTPU)RU\TPU\book\66022 
035 |a RU\TPU\order\7101 
090 |a 62288 
100 |a 20040407d2003 k y0rusy50 ca 
101 0 |a rus 
102 |a RU 
105 |a a l 000zy 
200 1 |a Правила устройства электроустановок  |f Министерство энергетики Российской Федерации 
205 |a 7-е изд. 
210 |a Москва  |c Изд-во НЦ ЭНАС  |d 2003 
215 |a 156 с.  |c ил. 
300 |a Утверждены приказом Минэнерго России от 20 мая 2003 г. № 187 
300 |a Правила введены в действие с 1 октября 2003 г. 
327 1 |a Содерж.: Раздел 2: Передача электроэнергии. Гл. 2.4. Воздушные линии электропередачи напряжением до 1 кВ. Гл. 2.5. Воздушные линии электропередачи напряжением выше 1кВ. 
610 1 |a электроэнергетика 
610 1 |a электрические установки 
610 1 |a электропередача 
610 1 |a энергия 
610 1 |a воздушные линии 
610 1 |a правила 
675 |a 621.31(083.13)  |v 3 
712 0 1 |a Министерство энергетики Российской Федерации  |2 stltpush  |3 (RuTPU)RU\TPU\col\1421 
801 1 |a RU  |b 63413507  |c 20040330  |g PSBO 
801 2 |a RU  |b 63413507  |c 20040429  |g PSBO 
942 |c BK 
959 |a 11/20040212  |d 1  |e 57  |f ЧЗКДП:1